| 000 | 00849cab a2200193 4500 | ||
|---|---|---|---|
| 001 | ##L134564 | ||
| 008 | 060816n2006 000 0 eng u | ||
| 035 | _a(Sirsi) u134564 | ||
| 041 | 0 | _aeng | |
| 100 | 1 | _aPuckett, Katie | |
| 245 | 0 | 0 | _aThis way to the money, ladies and gentlemen |
| 260 | _c2006 | ||
| 490 | 0 |
_aBuilding _v271(8443) 11 August 2006, 34-35(2) |
|
| 520 | _aReports on the booming hotel sector, which this year is showing the UK's best ever trading growth. Advises that UK contractors need to be proactive to avoid losing business to European firms. Reviews how the construction market operates in this sector and the type of projects going ahead. | ||
| 590 | _aIKA220806 | ||
| 651 | 4 |
_aUnited Kingdom _y |
|
| 690 | _aPROPERTY-COMMERCIAL PROPERTY-LEISURE PROPERTY-HOLIDAY AND GUEST PROPERTY-HOTEL PROPERTY-HOTELS | ||
| 942 | _n0 | ||
| 999 |
_c77563 _d77563 |
||